Druhy leasingu

Prvá zo seriálu častí o leasingu. Základné členenie: finančný a operačný leasing. Rozdelenie leasingových operácií z hľadiska zostatkovej hodnoty na konci prenájmu. Členenie z hľadiska spôsobu financovania.

Guardado en:
Detalles Bibliográficos
Autor principal: Menczer, Ľ.
Formato: Capítulo de libro
Lenguaje:eslovaco
Materias:
Etiquetas: Agregar Etiqueta
Sin Etiquetas, Sea el primero en etiquetar este registro!

MARC

LEADER 00000naa a2200000 4500
001 r017164
005 20221213095658.6
041 0 |a slo 
044 |a SK 
245 1 0 |a Druhy leasingu  |c Ľ. Menczer 
520 |a Prvá zo seriálu častí o leasingu. Základné členenie: finančný a operačný leasing. Rozdelenie leasingových operácií z hľadiska zostatkovej hodnoty na konci prenájmu. Členenie z hľadiska spôsobu financovania. 
610 2 0 |a Slovensko 
610 2 0 |a lízing 
610 2 0 |a lízing finančný 
610 2 0 |a lízing operatívny 
610 2 0 |a Tatra leasing, spol. s r.o. Bratislava 
610 2 0 |a služby bankové 
100 1 |a Menczer, Ľ.